ដំណាំត្នោត នៅ ប្រទេសកម្ពុជា (Record no. 1520)

000 -LEADER
fixed length control field 00412nam a22001457a 4500
003 - CONTROL NUMBER IDENTIFIER
control field OSt
005 - DATE AND TIME OF LATEST TRANSACTION
control field 20150930144915.0
008 - FIXED-LENGTH DATA ELEMENTS--GENERAL INFORMATION
fixed length control field 150930b xxu||||| |||| 00| 0 eng d
040 ## - CATALOGING SOURCE
Transcribing agency RUA
082 ## - DEWEY DECIMAL CLASSIFICATION NUMBER
Classification number AGR ឈុន 1992 B002 Or.1
100 ## - MAIN ENTRY--PERSONAL NAME
9 (RLIN) 1611
Personal name ឈុន, សុខលី
245 ## - TITLE STATEMENT
Title ដំណាំត្នោត នៅ ប្រទេសកម្ពុជា
300 ## - PHYSICAL DESCRIPTION
Extent 49p.
Dimensions 29cm.
942 ## - ADDED ENTRY ELEMENTS (KOHA)
Source of classification or shelving scheme
Koha item type AGR
Holdings
Price effective from Date last seen Permanent Location Not for loan Date acquired Source of classification or shelving scheme Koha item type Lost status Withdrawn status Total Renewals Date last checked out Total Checkouts Shelving location Damaged status Barcode Current Location Full call number
2015-09-302022-02-14Library Block B 2015-09-30 AGR  12022-01-142B002 RUA018589Library Block BAGR ឈុន 1992 B002 Or.1
2015-09-302019-08-09Library Block B 2015-09-30 AGR  22019-07-098B002 RUA018937Library Block BAGR ឈុន 1992 B002 Or.2
2015-09-302015-09-30Library Block B 2015-09-30 AGR     B002 RUA018588Library Block BAGR ឈុន 1992 B002 Or.3
មជ្ឈមណ្ឌលឯការនៃសាកលវិទ្យាល័យភូមិន្ទកសិកម្មចំការដូង

Powered by Koha